Normal view
MARC view
Entry Topical Term
001 - CONTROL NUMBER
- control field: 12762
003 - CONTROL NUMBER IDENTIFIER
- control field: ARRUPE
005 - DATE AND TIME OF LATEST TRANSACTION
- control field: 20141119174534.0
008 - FIXED-LENGTH DATA ELEMENTS
- fixed length control field: 141119|| aca||aabn | a|a d
040 ## - CATALOGING SOURCE
- Original cataloging agency: ARRUPE
- Transcribing agency: ARRUPE
150 ## - HEADING--TOPICAL TERM
- Topical term or geographic name as entry element: English literature
- General subdivision: History and criticism.
670 ## - SOURCE DATA FOUND
- Source citation: Work cat.: (ARRUPE)0: Voltaire, 1694-1778. 12761, Voltaire's England,, 1950.